Emotional stability with relevance to social network of human resource in educational organizations (Record no. 74356)

000 -LEADER
fixed length control field 00575pab a2200193 454500
008 - FIXED-LENGTH DATA ELEMENTS--GENERAL INFORMATION
fixed length control field 180718b2007 xxu||||| |||| 00| 0 eng d
100 ## - MAIN ENTRY--PERSONAL NAME
Personal name Singh, Sucheta
245 ## - TITLE STATEMENT
Title Emotional stability with relevance to social network of human resource in educational organizations
260 ## - PUBLICATION, DISTRIBUTION, ETC.
Date of publication, distribution, etc. 2007
300 ## - PHYSICAL DESCRIPTION
Extent p.148-55.
362 ## - DATES OF PUBLICATION AND/OR SEQUENTIAL DESIGNATION
Dates of publication and/or sequential designation Jan-Mar
650 ## - SUBJECT ADDED ENTRY--TOPICAL TERM
Topical term or geographic name entry element Human resources development
650 ## - SUBJECT ADDED ENTRY--TOPICAL TERM
Topical term or geographic name entry element Educational organizations
700 ## - ADDED ENTRY--PERSONAL NAME
Personal name Mishra, Yoga Dev
700 ## - ADDED ENTRY--PERSONAL NAME
Personal name Gandotra, Veena
773 ## - HOST ITEM ENTRY
Main entry heading Indian Journal of Training and Development
908 ## - PUT COMMAND PARAMETER (RLIN)
Put command parameter N
909 ## -
-- 74356
Holdings
Withdrawn status Lost status Damaged status Not for loan Permanent Location Current Location Date acquired Serial Enumeration / chronology Barcode Date last seen Price effective from Koha item type
        Indian Institute of Public Administration Indian Institute of Public Administration 2018-07-19 Volume no: 37, Issue no: 1 AR74816 2018-07-19 2018-07-19 Articles

Powered by Koha